| 000 | 00629nam a22002297a 4500 | ||
|---|---|---|---|
| 003 | LK-CoDNM | ||
| 005 | 20241003152031.0 | ||
| 008 | 241003b |||||||| |||| 00| 0 eng d | ||
| 040 |
_aLK-CoDNM _dLK-CoDNM _eLK-CoDNM |
||
| 041 | _aeng | ||
| 080 |
_a104 _bOO38 |
||
| 100 | _aM.R.A.S. Cousens, Henry | ||
| 245 | _aBijapur | ||
| 250 | _awith an historical outline of the adil shahi dynasty | ||
| 260 |
_aBombay _bGovernment central press _c1916 |
||
| 300 | _a435p. : ill , map ; 30 cm | ||
| 650 | _aM.R.A.S. Cousens, Henry | ||
| 650 | _aBijapur | ||
| 650 | _a104OO38 | ||
| 650 | _aGovernment central press | ||
| 942 | _cBK | ||
| 999 |
_c217566 _d217566 |
||